Mathematical structure of the singularities at the transitions between steady states in hydrodynamic systems
Gorde:
| Egile Nagusiak: | , |
|---|---|
| Formatua: | Liburua |
| Hizkuntza: | ingelesa |
| Argitaratua: |
Berlín
Springer
1983
|
| Saila: | Lecture Notes in Physics, 185
|
| Gaiak: | |
| Etiketak: |
Etiketa erantsi
Etiketarik gabe, Izan zaitez lehena erregistro honi etiketa jartzen!
|
MARC
| LEADER | 00000nam a2200000 a 4500 | ||
|---|---|---|---|
| 001 | UCT4865 | ||
| 003 | CL-VaPUC | ||
| 008 | 961127e19830000GW |||||||||||||||||eng|d | ||
| 082 | 0 | 4 | |a 530.1 |b SHI |2 21 |
| 100 | 0 | |a Shirer, Hampton N |e author |9 374146 | |
| 700 | 0 | |a Wells, Robert |e author |9 374147 | |
| 245 | 1 | 0 | |a Mathematical structure of the singularities at the transitions between steady states in hydrodynamic systems |
| 300 | |a 276 p | ||
| 942 | |c BK | ||
| 945 | |d 19961127 00:00:00 |a cmena | ||
| 260 | |a Berlín |b Springer |c 1983 | ||
| 650 | 0 | |a Física |9 227844 | |
| 650 | 0 | |a Física teórica |9 345827 | |
| 650 | 0 | |a Hidrodinámica |9 261326 | |
| 650 | 0 | |a Mecánica de fluidos |9 259464 | |
| 650 | 0 | |a Espectrometría |9 356870 | |
| 583 | |a last modification |c 19961127 00:00:00 |k Rodrigo Vera | ||
| 490 | 0 | |a Lecture Notes in Physics, 185 | |
| 999 | |c 253991 |d 253989 | ||